Co najczęściej kupuje się w sklepach z elektroniką? - Statystyki

Ogólne statystyki
  • Ten quiz został rozwiązany 23 razy
  • Średni wynik to 4 z 10
Statystyki odpowiedzi
Hint Odpowiedź % Poprawnych
1. Telefon
95%
10. Komputer
90%
2. Telewizor
86%
9. Głośniki
43%
6. Monitor
33%
4. Klawiaturę
19%
7. Konsolę
19%
3. Myszkę
19%
8. Kino Domowe
10%
5. Przedłużacz
0%
Nie znaleziono quizów pasujących do podanych kryteriów
Rozkład punktacji
Procent ludzi z każdym wynikiem
Percentyl według liczby udzielonych odpowiedzi
Twoja historia wyników
Nie rozwiązałeś tego quizu